[Event "10th LCC FIDE Open 2018"]
[Site "London"]
[Date "2018.12.15"]
[Round "7"]
[White "Stoyanov, Viktor"]
[Black "Turner, Matthew J"]
[Result "1/2-1/2"]
[WhiteElo "2205"]
[BlackElo "2533"]
[Annotator "TA"]
[PlyCount "149"]
[EventDate "2018.12.09"]
[EventType "swiss"]
[EventCountry "ENG"]
[SourceTitle "playchess.com"]
[Source "ChessBase"]
[SourceQuality "1"]

{[%evp 19,149,22,36,0,26,8,21,12,10,-17,-10,-24,-21,-19,0,-33,-27,-82,-69,-93,-86,-103,-58,-89,-67,-93,-90,-69,-78,-73,-76,-83,-22,-38,0,-48,0,0,0,0,0,0,0,-12,0,0,0,0,0,0,0,0,0,-20,0,0,98,0,26,0,45,0,98,0,0,0,0,-9,145,154,149,145,197,157,266,208,159,10,95,0,33,25,62,26,91,0,0,0,0,0,0,0,0,-33,-28,-93,-40,-40,-40,-40,-28,-35,-29,-29,-23,-21,0,0,6,6,8,8,8,6,7,8,12,12,19,18,39,39,39,39,37,29,39,8,8,8,8,8]} 1. e4 e5 2. Nf3 Nc6 3. Bc4 Bc5 4. O-O Nf6 5. d3 d6 6. c3 Bb6 7. a4 h6 {C54: Giuoco Piano: 4 c3 Nf6, main lines with 5 d4 and 5 d3} 8. Re1 O-O 9. h3 a6 10. Nbd2 Ne7 {LiveBook: 7 Games} (10... Re8 11. b4 Ba7 12. Rb1 Bd7 13. b5 axb5 14. axb5 Na5 15. Ba2 c6 16. bxc6 bxc6 {1-0 (46) Swiercz,D (2657)-Petrosian,T (2613) Las Vegas 2018}) 11. Nf1 Ng6 12. Ng3 c6 13. Bb3 d5 14. Be3 $146 ({Predecessor:} 14. exd5 Nxd5 15. d4 exd4 16. Nxd4 {½-½ (42) Drygalov,A (2318)-Nozdrachev,L (2412) Kolomna 2016}) 14... Bc7 15. Bc2 Re8 16. b4 Be6 17. Bb3 Qd7 18. Kh2 (18. a5 $11) 18... Rad8 19. Qc2 Nf4 {[%cal Re6h3]} 20. Ng1 Nh7 {[%cal Bf6h7,Bh7g5,Bg5f3][%mdl 32]} 21. Rad1 Ng5 22. f3 {[#]} Bxh3 $1 {[%mdl 512]} 23. gxh3 {[#]} (23. Nxh3 Nxf3+) 23... Nxf3+ $1 {[%mdl 512]} 24. Kh1 (24. Nxf3 Qxh3+) 24... Nxe1 25. Rxe1 g6 (25... a5 $17 26. exd5 axb4 27. cxb4 cxd5) 26. Rf1 $11 dxe4 27. dxe4 Qd3 28. Qc1 a5 29. b5 {Threatens to win with Rd1.} Qd7 30. b6 Bd6 31. Qd1 Bb8 32. Qf3 Qe7 33. N3e2 {[%cal Re2f4]} Rd7 34. Qg3 Kg7 35. Qf3 Qh4 36. Kh2 Ree7 37. Bc4 f5 (37... Rd8 $11 {remains equal.}) 38. Bf2 (38. exf5 $16 Nd5 39. Qg2 Qxc4 40. Qxg6+ Kh8 41. Qxh6+ Kg8 42. Qg6+ Rg7 43. Qe8+ Kh7 44. Qh5+ Kg8 45. Qe8+ Kh7 46. Bg5 Nxb6 47. Qh5+ Kg8 48. Qe8+ Kh7 49. Qh5+ Kg8 50. Qe8+ Kh7) 38... Qf6 39. Kh1 Kh7 40. Ng3 {[%mdl 1024] White has compensation.} Rd2 (40... Rg7 $11) 41. Be1 ({White should play} 41. Be3 $16 Rc2 42. exf5 gxf5 43. Nxf5 Qxf5 44. Bxf4) 41... Rb2 $1 42. Qd1 {Hoping for Qd8.} Rg7 43. Bf2 fxe4 $2 (43... c5 $11) 44. Qc1 $16 Rxf2 45. Rxf2 Qh4 (45... Qd8 $16 46. Nxe4 Qxb6) 46. Qe3 Nd5 (46... Bd6 $16 {was necessary.}) 47. Bxd5 $1 $18 cxd5 48. Nf1 (48. Kg2 $16) 48... Bd6 (48... h5 $11) 49. Qg3 (49. Rd2 $16) 49... Qd8 50. Rd2 Qxb6 51. Ne3 d4 {[#]} (51... Bc5 $11 52. Nxd5 Qe6) 52. Nc4 ({White should try} 52. Nd5 $1 $16 {[%cal Rd5b6]} Qd8 53. cxd4 exd4 54. Qg2) 52... Qc6 $36 {[%mdl 2048] Black has some pressure.} 53. Nxd6 e3+ 54. Rg2 Qxd6 55. cxd4 Qxd4 56. Nf3 Qxa4 {aiming for ...Qe4.} 57. Nxe5 {[#]} (57. Qxe5 $11 {keeps the balance.} Qd1+ 58. Ng1) 57... Qe4 (57... Qd1+ $1 $17 58. Rg1 e2) 58. Ng4 $15 {Nf6+ would kill now.} Rf7 {...e2 is the strong threat.} 59. Qxe3 Qxe3 60. Nxe3 {[%mdl 4096] Endgame KRN-KR} b5 {And now ...a4 would win.} 61. Rb2 Rf3 62. Nd5 Rxh3+ 63. Kg2 Rd3 64. Rxb5 a4 65. Rb7+ Kg8 66. Nf6+ Kf8 67. Ra7 a3 68. Nd7+ Ke8 ({Not} 68... Rxd7 $2 69. Rxd7 h5 70. Ra7 $18) 69. Ne5 Rc3 70. Nxg6 Kd8 71. Nf4 Kc8 72. Nd5 Kb8 {White must now prevent ...Rc2+.} 73. Nxc3 Kxa7 74. Nb5+ $1 Kb6 75. Nxa3 {Precision: White = 52%, Black = 42%.} 1/2-1/2

[Event "10th LCC FIDE Open 2018"]
[Site "London"]
[Date "2018.12.15"]
[Round "7"]
[White "Villiers, Thomas"]
[Black "Bhawoodien, Mohamed Ozayr"]
[Result "1-0"]
[WhiteElo "2205"]
[BlackElo "2123"]
[Annotator "NA"]
[PlyCount "87"]
[EventDate "2018.12.09"]
[EventType "swiss"]
[EventCountry "ENG"]
[SourceTitle "playchess.com"]
[Source "ChessBase"]
[SourceQuality "1"]
[TimeControl "40/5400+30:1800+30"]

1. c4 {[%emt 0:02:47]} c5 {[%emt 0:12:55]} 2. Nc3 {[%emt 0:00:13]} Nc6 {[%emt 0:00:07]} 3. Nf3 {[%emt 0:00:26]} g6 {[%emt 0:01:19]} 4. e3 {[%emt 0:01:30]} Bg7 {[%emt 0:03:15]} 5. d4 {[%emt 0:00:06]} cxd4 {[%emt 0:00:53]} 6. exd4 {[%emt 0:00:06]} d6 {[%emt 0:00:30]} 7. Be2 {[%emt 0:00:38]} Bg4 {[%emt 0:06:59]} 8. Be3 {[%emt 0:00:40]} Nh6 {[%emt 0:02:31] A35: Symmetrical English: 2 Nc3 Nc6 3 Nf3} 9. d5 {[%emt 0:33:44]} Bxf3 {[%emt 0:02:16]} 10. Bxf3 {[%emt 0:00:04]} Ne5 {[%emt 0:00:33] LiveBook: 18 Games} 11. Be4 {[%emt 0:01:37]} (11. Be2 Nf5 12. Bd2 h5 13. O-O Qb6 14. b3 a6 15. Rc1 Qd4 16. Qc2 {0-1 (63) Sumets,A (2577)-Onischuk,V (2614) Lvov 2016}) 11... O-O $146 {[%emt 0:06:11]} ({Predecessor:} 11... Rc8 12. Qa4+ Qd7 13. Qxd7+ Kxd7 14. Bxh6 Bxh6 15. b3 Nxc4 16. bxc4 Rxc4 {0-1 (37) Ramesa,D (2136)-Lenic,L (2159) Balatonlelle 2002}) 12. Bd4 {[%emt 0:00:15]} Qc8 {[%emt 0:12:57]} 13. b3 {[%emt 0:00:44]} Nf5 {[%emt 0:00:25]} 14. Bxf5 {[%emt 0:00:25]} Qxf5 {[%emt 0:00:07]} 15. O-O {[%emt 0:00:17]} Qf4 {[%emt 0:04:07]} 16. Ne2 {[%emt 0:00:48]} Qh4 {[%emt 0:05:48]} 17. f4 {[%emt 0:02:35]} Ng4 {[%emt 0:00:44]} 18. h3 {[%emt 0:00:01]} Bxd4+ {[%emt 0:01:24]} 19. Nxd4 {[%emt 0:00:28]} Nh6 {[%emt 0:07:23]} (19... Nf6 $16) 20. Qd3 {[%emt 0:00:43]} a6 {[%emt 0:04:19]} 21. Rf2 {[%emt 0:02:22]} Kh8 {[%emt 0:01:41]} 22. Re1 $18 {[%emt 0:03:26]} Qf6 {[%emt 0:06:55]} 23. g4 {[%emt 0:03:54]} Ng8 {[%emt 0:00:48]} 24. g5 {[%emt 0:00:26]} Qg7 {[%emt 0:00:07]} 25. Kh2 {[%emt 0:00:41]} b5 {[%emt 0:07:32]} 26. cxb5 {[%emt 0:04:06]} axb5 {[%emt 0:00:07]} 27. Nxb5 {[%emt 0:00:05]} Rfc8 {[%emt 0:00:35]} 28. a4 {[%emt 0:00:55]} f5 {[%emt 0:02:06]} 29. Rc2 {[%emt 0:00:25]} h6 {[%emt 0:00:56]} 30. h4 {[%emt 0:00:19]} Kh7 {[%emt 0:03:01]} 31. Rec1 {[%emt 0:00:29]} Rxc2+ {[%emt 0:00:42]} 32. Qxc2 {[%emt 0:02:00]} e5 {[%emt 0:01:38]} 33. dxe6 {[%emt 0:00:55]} Ne7 {[%emt 0:00:22]} 34. Qc3 {[%emt 0:00:45]} Nd5 {[%emt 0:00:21]} 35. Qxg7+ {[%emt 0:00:22]} Kxg7 {[%emt 0:00:06]} 36. Rc7+ {[%emt 0:00:55]} Kf8 {[%emt 0:02:17]} 37. gxh6 {[%emt 0:00:36]} Nxc7 {[%emt 0:00:18]} 38. Nxc7 {[%emt 0:00:09]} Rc8 {[%emt 0:02:19]} 39. h7 {[%emt 0:00:05]} Ke7 {[%emt 0:00:27]} 40. a5 {[%emt 0:00:58]} Rh8 {[%emt 0:01:04]} 41. a6 {[%emt 0:30:44]} Rxh7 {[%emt 0:05:19]} 42. a7 {[%emt 0:00:00]} Rxh4+ {[%emt 0:00:13]} 43. Kg3 {[%emt 0:00:00]} Rh8 {[%emt 0:00:08]} 44. a8=Q {[%emt 0:03:00]} 1-0

[Event "10th LCC FIDE Open 2018"]
[Site "London"]
[Date "2018.12.15"]
[Round "7"]
[White "Stephan, Axel"]
[Black "Ratnesan, Ranesh"]
[Result "1/2-1/2"]
[WhiteElo "2204"]
[BlackElo "2055"]
[Annotator "NA"]
[PlyCount "73"]
[EventDate "2018.12.09"]
[EventType "swiss"]
[EventCountry "ENG"]
[SourceTitle "playchess.com"]
[Source "ChessBase"]
[SourceQuality "1"]
[TimeControl "40/5400+30:1800+30"]

1. e4 {[%emt 0:04:25]} c5 {[%emt 0:00:00]} 2. Nc3 {[%emt 0:00:08]} Nc6 {[%emt 0:00:00]} 3. Nge2 {[%emt 0:00:13]} e5 {[%emt 0:00:25]} 4. Nd5 {[%emt 0:00:18]} Nf6 {[%emt 0:00:16]} 5. Nec3 {[%emt 0:00:20]} Nxd5 {[%emt 0:00:16]} 6. Nxd5 {[%emt 0:00:35]} Be7 {[%emt 0:00:17]} 7. Bc4 {[%emt 0:01:52]} O-O {[%emt 0:00:12]} 8. O-O {[%emt 0:02:12]} d6 {[%emt 0:00:22]} 9. f4 {[%emt 0:03:27]} exf4 {[%emt 0:01:59]} 10. Nxf4 {[%emt 0:01:24]} Rb8 {[%emt 0:02:46]} 11. c3 {[%emt 0:02:25]} Bg5 {[%emt 0:11:53]} 12. d4 {[%emt 0:07:27]} cxd4 {[%emt 0:23:16]} 13. cxd4 {[%emt 0:00:42]} b5 {[%emt 0:03:35]} 14. Bb3 {[%emt 0:07:21]} Na5 {[%emt 0:03:21]} 15. Bc2 {[%emt 0:08:01]} Bb7 {[%emt 0:06:00]} 16. Qg4 {[%emt 0:05:35]} Bf6 $11 {[%emt 0:09:03]} 17. Ne2 {[%emt 0:10:55]} Qc8 {[%emt 0:05:02]} 18. Qxc8 {[%emt 0:02:27]} Rbxc8 {[%emt 0:01:16]} 19. Bd3 {[%emt 0:00:33]} a6 {[%emt 0:05:16]} 20. Bf4 {[%emt 0:02:51]} Rfe8 {[%emt 0:01:44]} 21. Rac1 {[%emt 0:09:01]} Rxc1 {[%emt 0:06:16]} 22. Rxc1 {[%emt 0:00:39]} h6 {[%emt 0:00:56]} 23. d5 {[%emt 0:07:49]} Bxb2 {[%emt 0:04:06]} 24. Rc7 {[%emt 0:00:40]} Ba3 {[%emt 0:00:29]} 25. Bd2 {[%emt 0:01:47]} Bc5+ {[%emt 0:05:27]} 26. Rxc5 {[%emt 0:06:39]} dxc5 {[%emt 0:00:02]} 27. Bxa5 {[%emt 0:00:05]} c4 {[%emt 0:00:16]} 28. d6 {[%emt 0:02:41]} cxd3 {[%emt 0:05:05]} 29. d7 {[%emt 0:00:42]} Rf8 {[%emt 0:00:04]} 30. Nc3 {[%emt 0:03:09]} b4 {[%emt 0:01:14]} 31. Nd1 {[%emt 0:02:47]} Bc6 {[%emt 0:01:17]} 32. d8=Q {[%emt 0:00:41]} Rxd8 {[%emt 0:00:07]} 33. Bxd8 {[%emt 0:00:04]} Ba4 {[%emt 0:00:10]} 34. Ne3 {[%emt 0:02:41]} d2 {[%emt 0:00:07]} 35. Ba5 {[%emt 0:00:30]} d1=Q+ {[%emt 0:00:16]} 36. Nxd1 {[%emt 0:00:08]} Bxd1 {[%emt 0:00:04]} 37. Bxb4 {[%emt 0:00:07]} 1/2-1/2

[Event "10th LCC FIDE Open 2018"]
[Site "London"]
[Date "2018.12.15"]
[Round "7"]
[White "Britton, Richard L"]
[Black "Pert, Richard G"]
[Result "0-1"]
[WhiteElo "2186"]
[BlackElo "2416"]
[Annotator "TA"]
[PlyCount "60"]
[EventDate "2018.12.09"]
[EventType "swiss"]
[EventCountry "ENG"]
[SourceTitle "playchess.com"]
[Source "ChessBase"]
[SourceQuality "1"]

{[%evp 19,60,-18,-8,-90,-4,-78,-86,-90,-96,-81,-67,-51,-13,-100,-89,-79,-76,-67,-74,-122,-116,-104,-38,-44,-54,-70,-58,-58,-45,-85,-78,-998,-980,-1471,-1298,-1364,-1318,-1344,-1319,-1822,-1820,-1777,-1290]} 1. e4 {[%cal Be2e4,Be4e5][%mdl 32]} e6 2. d4 d5 3. Nc3 Nf6 {[%cal Bg8f6,Bf6d7,Bd7c5,Bc5a4,Ba4b2][%mdl 32]} 4. e5 Nfd7 5. f4 c5 6. Nf3 Nc6 7. Be3 Be7 8. Qd2 a6 9. dxc5 Nxc5 {C11: French: Classical System: 4 e5 and 4 Bg5 dxe4} 10. Qf2 (10. O-O-O Qa5 11. Kb1 b5 12. h4 Bd7 13. g4 b4 14. Ne2 Ne4 15. Qe1 Rb8 16. Nc1 Nc3+ 17. bxc3 bxc3+ {1-0 (96) Najer,E (2679)-Korobov,A (2695) Poikovsky 2017}) 10... Qa5 {LiveBook: 9 Games. And now ...Ne4 would win.} 11. Bd3 {[#]} (11. Bd2 $11) 11... Nb4 ({Better is} 11... Na4 $1 $17 12. O-O Nxb2) 12. Rd1 {[#]} (12. O-O $11) 12... Na4 $1 $17 {[%cal Ra4b2]} 13. O-O $146 ({Predecessor:} 13. Rb1 Nxa2 14. O-O N2xc3 15. bxc3 Qxc3 16. Ra1 b5 {½-½ (29) Velcheva,M (2327)-Boneva,Z (2011) Veliko Tarnovo 2005}) 13... Nxb2 14. Rd2 Qc7 15. Bd4 Nc4 16. Rdd1 (16. Bxc4 $1 $11 {keeps the balance.} Qxc4 17. Na4) 16... Nc6 17. Bxc4 {aiming for Bb6.} Nxd4 18. Rxd4 dxc4 19. Ne4 {Black must now prevent Nd6+.} O-O 20. Rfd1 f5 (20... b5 $17 21. Nd6 Bd7) 21. Nd6 b5 22. Qg3 Ra7 23. Kh1 Bb7 24. Ng5 Bxg5 25. Nxb5 $2 {[%mdl 8192]} (25. fxg5 $17 g6 26. Nxb7 Qxb7 27. Qf2) 25... axb5 $19 {Black is clearly winning.} 26. Rd7 Qc8 27. Kg1 Qc5+ 28. Kf1 Bh6 29. R1d6 Bd5 30. Rd8 Raf7 {Accuracy: White = 43%, Black = 38%.} 0-1

[Event "10th LCC FIDE Open 2018"]
[Site "London"]
[Date "2018.12.15"]
[Round "7"]
[White "Martinez, Ayelen"]
[Black "Gerlach, Felix Tobias"]
[Result "1-0"]
[WhiteElo "2185"]
[BlackElo "2050"]
[Annotator "NA"]
[PlyCount "75"]
[EventDate "2018.12.09"]
[EventType "swiss"]
[EventCountry "ENG"]
[SourceTitle "playchess.com"]
[Source "ChessBase"]
[SourceQuality "1"]
[TimeControl "40/5400+30:1800+30"]

1. e4 {[%emt 0:14:16]} e5 {[%emt 0:00:00]} 2. Nf3 {[%emt 0:00:10]} Nc6 {[%emt 0:00:00]} 3. Bb5 {[%emt 0:00:05]} a6 {[%emt 0:00:00]} 4. Ba4 {[%emt 0:00:04]} Nf6 {[%emt 0:00:00]} 5. O-O {[%emt 0:00:06]} Be7 {[%emt 0:00:00]} 6. Re1 {[%emt 0:00:13]} b5 {[%emt 0:00:00]} 7. Bb3 {[%emt 0:00:05]} d6 {[%emt 0:00:04]} 8. c3 {[%emt 0:00:04]} O-O {[%emt 0:00:05]} 9. h3 {[%emt 0:00:04]} Na5 {[%emt 0:00:04]} 10. Bc2 {[%emt 0:00:04]} c5 {[%emt 0:00:04]} 11. d4 {[%emt 0:00:04]} Qc7 {[%emt 0:00:04]} 12. Nbd2 {[%emt 0:00:04]} cxd4 {[%emt 0:00:49]} 13. cxd4 {[%emt 0:00:07]} Bd7 {[%emt 0:01:55]} 14. Nf1 {[%emt 0:03:09]} Rac8 {[%emt 0:01:23]} 15. Bd3 {[%emt 0:00:09]} Rfe8 {[%emt 0:07:59] C99: Closed Ruy Lopez: Chigorin Defence: 11 d4 Qc7 12 Nbd2 cxd4} (15... Nc6 16. Be3 exd4 17. Nxd4 Ne5 18. Ng3 Nxd3 19. Qxd3 Rfe8 20. Rac1 Qb7 21. Ndf5 Bxf5 22. Nxf5 Rxc1 23. Rxc1 Bf8 24. Nxd6 Qd7 25. Rd1 {1-0 (58) Adams,M (2703)-Koneru,H (2612) Zafra 2009}) 16. Ng3 {[%emt 0:02:54]} Nc6 {[%emt 0:05:07] [#]} 17. d5 $146 {[%emt 0:05:36]} ({Predecessor:} 17. Be3 exd4 18. Nxd4 d5 19. Rc1 Bb4 20. Bd2 Bxd2 21. Qxd2 dxe4 22. Nxe4 Nxe4 23. Bxe4 Qd6 24. Bxc6 Rxc6 25. Rxc6 Bxc6 26. Nxc6 Rxe1+ 27. Qxe1 Qxc6 {½-½ (27) Xie,J (2569)-Qin,K (2473) Tianjing 2003}) 17... Nb4 {[%emt 0:01:41]} 18. Bg5 {[%emt 0:07:17]} Nxd3 {[%emt 0:08:31]} 19. Qxd3 $11 {[%emt 0:00:05]} h6 {[%emt 0:00:08]} 20. Bd2 {[%emt 0:06:12]} Qb7 {[%emt 0:12:45]} 21. Qa3 {[%emt 0:03:12]} Rc4 {[%emt 0:22:54]} 22. Rac1 {[%emt 0:06:54]} Rec8 {[%emt 0:01:38]} 23. Rxc4 {[%emt 0:00:39]} Rxc4 {[%emt 0:00:15]} 24. Bb4 {[%emt 0:01:05]} Qc7 {[%emt 0:02:29]} 25. Nxe5 {[%emt 0:02:01]} Rxb4 {[%emt 0:07:52]} 26. Nxd7 {[%emt 0:04:32]} Ra4 {[%emt 0:01:45]} 27. Nxf6+ {[%emt 0:00:06]} Bxf6 {[%emt 0:00:05]} 28. Qb3 {[%emt 0:00:07]} Qc4 {[%emt 0:03:29]} 29. Qf3 {[%emt 0:18:52]} Bxb2 {[%emt 0:11:11]} 30. Nf5 {[%emt 0:00:07]} Qb4 {[%emt 0:03:49]} 31. Re2 {[%emt 0:06:08]} Rxa2 {[%emt 0:02:19]} 32. g3 {[%emt 0:00:42]} Ra1+ {[%emt 0:01:24]} 33. Kh2 {[%emt 0:01:43]} Be5 {[%emt 0:01:20]} 34. Rc2 {[%emt 0:00:27]} Qe1 {[%emt 0:02:02]} 35. Ne7+ {[%emt 0:00:46]} Kf8 {[%emt 0:00:35]} 36. Ng6+ {[%emt 0:00:07]} Kg8 {[%emt 0:02:38]} 37. Rc8+ {[%emt 0:00:09]} Kh7 {[%emt 0:00:17]} 38. Rh8+ {[%emt 0:00:06]} 1-0

[Event "10th LCC FIDE Open 2018"]
[Site "London"]
[Date "2018.12.15"]
[Round "7"]
[White "Sumit, Kumar"]
[Black "Rice, Chris B"]
[Result "1-0"]
[WhiteElo "2179"]
[BlackElo "1963"]
[Annotator "NA"]
[PlyCount "63"]
[EventDate "2018.12.09"]
[EventType "swiss"]
[EventCountry "ENG"]
[SourceTitle "playchess.com"]
[Source "ChessBase"]
[SourceQuality "1"]
[TimeControl "40/5400+30:1800+30"]

1. e4 {[%emt 0:00:00]} d5 {[%emt 0:02:50]} 2. exd5 {[%emt 0:00:06]} Qxd5 {[%emt 0:00:08]} 3. Nc3 {[%emt 0:00:05]} Qd6 {[%emt 0:00:03]} 4. d4 {[%emt 0:00:07]} Nf6 {[%emt 0:00:05]} 5. Nf3 {[%emt 0:01:03]} c6 {[%emt 0:00:06]} 6. g3 {[%emt 0:02:23]} Bf5 {[%emt 0:00:49]} 7. Bf4 {[%emt 0:00:51]} Qd8 {[%emt 0:00:37]} 8. Bg2 {[%emt 0:01:30]} e6 {[%emt 0:00:08]} 9. O-O {[%emt 0:06:41]} h6 {[%emt 0:00:04]} 10. Qe2 {[%emt 0:06:09]} Be7 {[%emt 0:05:05]} 11. Rad1 {[%emt 0:08:00]} O-O {[%emt 0:04:43]} 12. a3 {[%emt 0:04:48]} Nbd7 {[%emt 0:04:43]} 13. Na2 {[%emt 0:01:40]} Re8 {[%emt 0:38:41]} 14. c4 {[%emt 0:02:37]} a5 {[%emt 0:03:13]} 15. Nc3 {[%emt 0:02:15]} a4 {[%emt 0:00:57]} 16. h3 {[%emt 0:03:51]} Qa5 {[%emt 0:00:46]} 17. Rc1 {[%emt 0:04:52]} Bf8 {[%emt 0:07:25]} 18. Rfd1 {[%emt 0:03:59]} Bh7 {[%emt 0:02:23]} 19. Ne5 {[%emt 0:04:43]} Rac8 {[%emt 0:04:56]} 20. Kh2 {[%emt 0:08:24]} Qa6 {[%emt 0:02:02]} 21. Ne4 {[%emt 0:02:12]} Be7 {[%emt 0:08:37]} 22. Nc3 {[%emt 0:08:04]} Bf8 {[%emt 0:01:58]} 23. g4 {[%emt 0:02:38]} Rcd8 {[%emt 0:01:46]} 24. Rd2 {[%emt 0:02:26]} Bd6 {[%emt 0:02:57]} 25. Bg3 {[%emt 0:00:42]} c5 {[%emt 0:01:57]} 26. Nb5 {[%emt 0:01:39]} Bb8 {[%emt 0:00:35]} 27. Rcd1 {[%emt 0:04:01]} Qb6 {[%emt 0:01:14]} 28. Qe3 {[%emt 0:02:52]} Nd5 {[%emt 0:02:57]} 29. Nxd7 Bxg3+ {[%emt 0:00:30]} 30. Qxg3 Rxd7 {[%emt 0:00:30]} 31. dxc5 Qxc5 {[%emt 0:00:30]} 32. Bf1 1-0

[Event "10th LCC FIDE Open 2018"]
[Site "London"]
[Date "2018.12.15"]
[Round "7"]
[White "Ogunshola, Ben"]
[Black "Ditmas, Hugh"]
[Result "1-0"]
[WhiteElo "2172"]
[BlackElo "1978"]
[Annotator "NA"]
[PlyCount "75"]
[EventDate "2018.12.09"]
[EventType "swiss"]
[EventCountry "ENG"]
[SourceTitle "playchess.com"]
[Source "ChessBase"]
[SourceQuality "1"]
[TimeControl "40/5400+30:1800+30"]

1. c4 {[%emt 0:45:43]} Nf6 {[%emt 0:04:05]} 2. Nf3 {[%emt 0:01:35]} e6 {[%emt 0:00:22]} 3. g3 {[%emt 0:00:37]} d5 {[%emt 0:00:17]} 4. Bg2 {[%emt 0:00:21]} Be7 {[%emt 0:00:11]} 5. O-O {[%emt 0:00:59]} O-O {[%emt 0:00:10]} 6. d4 {[%emt 0:06:25]} dxc4 {[%emt 0:00:08]} 7. Qa4 {[%emt 0:02:08]} a6 {[%emt 0:03:47]} 8. Qxc4 {[%emt 0:00:03]} b5 {[%emt 0:00:20]} 9. Qc2 {[%emt 0:00:02]} Bb7 {[%emt 0:00:23]} 10. Rd1 {[%emt 0:08:22]} Be4 {[%emt 0:03:04]} 11. Qd2 {[%emt 0:02:16]} Nd5 {[%emt 0:03:58]} 12. a3 {[%emt 0:03:42]} Nd7 {[%emt 0:06:06]} 13. Nc3 {[%emt 0:01:17]} Nxc3 {[%emt 0:12:13]} 14. Qxc3 {[%emt 0:00:11]} Qc8 {[%emt 0:03:33]} 15. Bg5 {[%emt 0:10:03]} f6 {[%emt 0:09:42]} 16. Bf4 {[%emt 0:03:35]} Bd6 {[%emt 0:02:15]} 17. Rac1 {[%emt 0:03:52]} Nb6 {[%emt 0:04:12]} 18. Qe3 {[%emt 0:02:40]} Qb7 {[%emt 0:05:56]} 19. Bh3 {[%emt 0:02:08]} f5 {[%emt 0:02:23]} 20. Bxd6 {[%emt 0:02:16]} cxd6 {[%emt 0:00:41]} 21. Nd2 {[%emt 0:03:02]} Bd5 {[%emt 0:05:54]} 22. Qf4 {[%emt 0:04:10]} Qe7 {[%emt 0:00:28]} 23. b3 {[%emt 0:01:15]} g5 {[%emt 0:01:06]} 24. Qe3 {[%emt 0:00:42]} g4 {[%emt 0:03:05]} 25. Bf1 {[%emt 0:03:57]} Rac8 {[%emt 0:02:02]} 26. Qd3 {[%emt 0:03:46]} Qf6 {[%emt 0:04:41]} 27. Rxc8 {[%emt 0:06:08]} Rxc8 {[%emt 0:00:58]} 28. e4 {[%emt 0:00:14]} Bb7 {[%emt 0:01:34]} 29. Bg2 {[%emt 0:00:16]} Qg5 {[%emt 0:01:55]} 30. d5 {[%emt 0:02:53]} fxe4 {[%emt 0:03:10]} 31. Nxe4 {[%emt 0:00:07]} Qe5 {[%emt 0:02:58]} 32. dxe6 {[%emt 0:00:28]} d5 {[%emt 0:01:30]} 33. Qe3 {[%emt 0:03:17]} Qxe6 {[%emt 0:05:47]} 34. Qg5+ {[%emt 0:00:27]} Kh8 {[%emt 0:03:00]} 35. Qf6+ {[%emt 0:16:00]} Qxf6 {[%emt 0:00:08]} 36. Nxf6 Rc3 {[%emt 0:01:21]} 37. Re1 {[%emt 0:00:55]} Bc6 {[%emt 0:01:32]} 38. Re7 {[%emt 0:00:13] Kg7 [%emt 00:02:59]} 1-0

[Event "10th LCC FIDE Open 2018"]
[Site "London"]
[Date "2018.12.15"]
[Round "7"]
[White "Russell, Christopher"]
[Black "Frank, Tena, Dr."]
[Result "1-0"]
[WhiteElo "2169"]
[BlackElo "1899"]
[Annotator "NA"]
[PlyCount "95"]
[EventDate "2018.12.09"]
[EventType "swiss"]
[EventCountry "ENG"]
[SourceTitle "playchess.com"]
[Source "ChessBase"]
[SourceQuality "1"]
[TimeControl "40/5400+30:1800+30"]

1. e4 {[%emt 0:01:41]} c5 {[%emt 0:00:00]} 2. c3 {[%emt 0:00:03]} Nf6 {[%emt 0:00:09]} 3. e5 {[%emt 0:02:19]} Nd5 {[%emt 0:00:15]} 4. g3 {[%emt 0:00:04]} d6 {[%emt 0:01:10]} 5. exd6 {[%emt 0:00:07]} Qxd6 {[%emt 0:00:59]} 6. Bg2 {[%emt 0:00:57]} Nc6 {[%emt 0:01:46]} 7. Nf3 {[%emt 0:00:44]} Bf5 {[%emt 0:14:17]} 8. O-O {[%emt 0:13:02]} Bd3 {[%emt 0:04:12]} 9. Re1 {[%emt 0:00:41]} h6 {[%emt 0:28:27]} 10. Qb3 {[%emt 0:09:10]} e6 {[%emt 0:14:45]} 11. Na3 {[%emt 0:07:21]} Nb6 {[%emt 0:01:26]} 12. Nb5 {[%emt 0:07:41]} Qd7 {[%emt 0:07:55]} 13. a4 {[%emt 0:10:23]} Be7 {[%emt 0:08:14]} 14. Nxa7 {[%emt 0:07:03]} Rxa7 {[%emt 0:00:44]} 15. Qxb6 {[%emt 0:00:08]} Ra6 {[%emt 0:00:40]} 16. Qb3 {[%emt 0:02:37]} O-O {[%emt 0:01:46]} 17. Qd1 {[%emt 0:04:34]} Bf6 {[%emt 0:01:01]} 18. Re3 {[%emt 0:05:11]} c4 {[%emt 0:03:25]} 19. Ne1 {[%emt 0:04:22]} Bg5 {[%emt 0:05:57]} 20. f4 {[%emt 0:00:59]} Be7 {[%emt 0:00:00]} 21. Nxd3 {[%emt 0:02:12]} cxd3 {[%emt 0:00:00]} 22. Kh1 {[%emt 0:01:34]} Bc5 {[%emt 0:00:09]} 23. Re1 {[%emt 0:02:07]} b5 {[%emt 0:00:53]} 24. b4 {[%emt 0:01:21]} Ba7 {[%emt 0:00:23]} 25. Bb2 {[%emt 0:00:47]} Ne7 {[%emt 0:01:01]} 26. axb5 {[%emt 0:01:36]} Qxb5 {[%emt 0:00:26]} 27. Qb3 {[%emt 0:00:45]} Bf2 {[%emt 0:00:34]} 28. Rf1 {[%emt 0:04:20]} Rxa1 {[%emt 0:00:43]} 29. Bxa1 {[%emt 0:00:01]} Bc5 {[%emt 0:01:02]} 30. Qb1 {[%emt 0:01:54]} Bb6 {[%emt 0:00:36]} 31. Be4 {[%emt 0:01:10]} Rd8 {[%emt 0:00:27]} 32. Rf3 {[%emt 0:00:36]} Qh5 {[%emt 0:00:41]} 33. Kg2 {[%emt 0:01:01]} g5 {[%emt 0:00:43]} 34. c4 {[%emt 0:02:05]} f5 {[%emt 0:01:00]} 35. Bxd3 {[%emt 0:00:56]} gxf4 {[%emt 0:00:10]} 36. c5 {[%emt 0:01:45]} Bc7 {[%emt 0:00:07]} 37. Qb2 {[%emt 0:01:32]} e5 {[%emt 0:00:07]} 38. Bc4+ {[%emt 0:01:02]} Kh7 {[%emt 0:00:17]} 39. Rxf4 {[%emt 0:00:50]} Ng6 {[%emt 0:01:46]} 40. Rf2 {[%emt 0:01:04]} Qg4 {[%emt 0:00:28]} 41. Qc2 {[%emt 0:03:22]} e4 {[%emt 0:13:46]} 42. Be2 {[%emt 0:07:19]} Qg5 {[%emt 0:05:43]} 43. Bc3 {[%emt 0:04:33]} h5 {[%emt 0:02:37]} 44. Qa2 {[%emt 0:03:24]} Rd7 {[%emt 0:07:02]} 45. Qe6 {[%emt 0:03:15]} Nh4+ {[%emt 0:02:53]} 46. Kf1 {[%emt 0:00:55]} Re7 {[%emt 0:00:25]} 47. gxh4 {[%emt 0:01:04]} Qxh4 {[%emt 0:01:03]} 48. Qxf5+ {[%emt 0:00:37]} 1-0